|
|
|
|
| LEADER |
00557nam a22001691a 4500 |
| 020 |
|
|
|c 0.00
|
| 040 |
|
|
|a SSUS - Library - Kalady
|
| 082 |
|
|
|a M3 HAR CHA
|b N99
|
| 100 |
|
|
|a Harikumar B
|
| 245 |
|
|
|a Chakravarthini
|h [Text]
|
| 260 |
|
|
|a Kottayam
|b Janapriya Pusthakaprasadhanasala
|c 1999
|
| 300 |
|
|
|a 151p.
|
| 600 |
|
|
|a Novel Malayalam
|
| 852 |
|
|
|h M3 HAR CHA
|i N99
|p 016122
|9 45.00
|t 0
|
| 942 |
|
|
|c BK
|
| 999 |
|
|
|c 6904
|d 6904
|
| 952 |
|
|
|0 0
|1 0
|4 0
|6 M_3_000000000000000_HAR_CHA_N99
|7 0
|9 10414
|a SSUS
|b SSUS
|d 2015-01-08
|g 45.00
|o M3 HAR CHA N99
|p 016122
|r 2015-01-08
|v 0.00
|w 2015-01-08
|y BK
|